[Event "EU-ch 4th"]
[Site "Istanbul"]
[Date "2003.06.05"]
[Round "6"]
[White "Beliavsky, Alexander"]
[Black "Kharlov, Andrei"]
[Result "1/2-1/2"]
[WhiteElo "2649"]
[BlackElo "2581"]
[Annotator "Huzman"]
[PlyCount "65"]
[EventDate "2003.05.30"]
[EventType "swiss"]
[EventRounds "13"]
[EventCountry "TUR"]
[SourceTitle "CBM 096"]
[Source "ChessBase"]
[SourceDate "2003.09.25"]
[SourceVersion "1"]
[SourceVersionDate "2003.09.25"]
[SourceQuality "1"]

1. d4 d5 2. c4 dxc4 3. e4 Nc6 4. Nf3 Bg4 5. d5 Ne5 6. Nc3 Nf6 7. Bf4 Ng6 8. Be3
e5 9. Bxc4 a6 10. Be2 Bd6 11. Nd2 Bd7 (11... Bxe2 12. Qxe2 O-O (12... Qe7 13.
O-O O-O 14. Nc4 Bb4 15. f3 b5 16. Nd2 c6 17. dxc6 Bxc3 18. bxc3 Qd6 19. c4 Qxc6
20. cxb5 Qxb5 21. Nc4 Nf4 22. Qc2 Rac8 23. Rfc1 Rxc4 24. Qxc4 Ne2+ 25. Kf2 Nxc1
26. Rxc1 $14 {1-0 Graf,A-Botsari,A/Aegina 1996/EXT 97 (46)}) 13. O-O Qd7 (13...
Nd7 14. Nb3 Qe7 15. Rac1 Rfc8 16. Rc2 Nf4 17. Qd2 a5 18. g3 Nh5 19. Nb5 Nhf6
20. f3 a4 21. Nc1 Bb4 22. Qf2 Ne8 23. Nd3 $16 {1-0 Podgaets,M-Raetsky,A/Biel
1997/CBM 60 ext (68)}) 14. f3 Rfc8 15. Rfd1 Ne8 16. Nb3 h6 17. Rac1 Kh7 18. Rc2
Rcb8 19. Rdc1 $16 {0-1 Azmaiparashvili,Z-Piket,J/Wijk aan Zee 1993/CBM 34 (64)}
) 12. O-O O-O 13. Nc4 (13. Rc1 b5 14. a3 c5 15. dxc6 Bxc6 16. Na4 Rc8 17. Nc5
Nf4 18. Bxf4 exf4 19. Nxa6 Qb6 20. Nb4 Bxb4 21. axb4 Nxe4 22. Nxe4 Bxe4 23. Qd7
Rxc1 24. Rxc1 f3 25. gxf3 Qf6 26. Rc8 $16 {1-0 Kuzmin,A-Baburin,A/Andorra 1998/
EXT 2003 (44)}) (13. a3 Nf4 (13... Qe7 14. Rc1 h6 (14... Nf4 15. Bf3 Nd3 16.
Rc2 Nc5 17. b4 Na4 18. Nc4 Ne8 19. Re1 f5 20. exf5 Nxc3 21. Rxc3 Bxf5 22. Qd2
Nf6 23. Bc5 e4 24. Bd1 Rac8 25. Nxd6 cxd6 26. Bb3 Ng4 27. Rg3 Qh4 28. Rxg4 Qxg4
29. Bxd6 $44 {1-0 Knudsen,J-Rhodes,J/BFCC Email 2000/ICCF tele 1/2002 (46)}) (
14... b5 15. Nb3 Nf4 16. Bf3 Kh8 17. Na2 g5 18. Nc5 Rg8 19. Nb4 Rg6 20. Qc2 g4
21. Be2 Rag8 22. Rfd1 N6h5 23. g3 $16 {1-0 Karpov,A-Milov,V/Biel 1997/CBM 60/
[Huzman] (35)}) 15. Re1 Nf4 $6 16. Bxf4 exf4 17. Nc4 {[%cal Ge4e5]} Be5 18. Nb1
$1 {[%cal Gb1d2,Gd2f3]} Rfe8 19. Nbd2 b5 20. Nxe5 Qxe5 21. Qc2 $16 {1-0 Bauer,
C-Skripchenko Lautier,A/Val d'Isere 2002/CBM 91/[Huzman] (35)}) 14. Bf3 g5 15.
Nc4 Kh8 16. Na5 b5 17. Nb7 Qe7 18. b4 Rg8 19. Nc5 Bc8 20. a4 Rb8 21. axb5 axb5
22. Be2 $16 {1-0 Ehlvest,J-Baburin,A/Oak Bridge 2000/EXT 2001 (35)}) 13... Bb4
14. Qc2 (14. Bg5 h6 15. Bxf6 Qxf6 16. Ne3 Bc5 17. Bg4 Bxg4 18. Qxg4 Ne7 19.
Rac1 Bxe3 {1/2-1/2 Browne,W-Baburin,A/San Francisco 2002/CBM 92 no vc (19)}) (
14. Qd3 b5 15. Nd2 Bd6 16. Qc2 Ng4 17. Bxg4 Bxg4 18. Nb3 Nf4 19. f3 Bc8 20.
Rfe1 f5 21. Bxf4 exf4 22. e5 Bb4 23. Rad1 Bb7 24. Qd2 Qg5 25. a3 $16 {1-0
Lugovoi,A-Ivanov,M/Moscow 1998/EXT 99 (36)}) 14... b5 15. Nd2 c6 $11 16. dxc6
Bxc6 17. Rfd1 Qe7 18. a3 Bd6 (18... Bxc3 19. Qxc3 (19. bxc3 Nf4 20. Bf3 Rac8
21. Nb3 Rfd8 $11) 19... Rfc8 20. Rac1 (20. Bc5 Qb7 21. f3 Nf4 22. Bf1 Nd7)
20... Qb7 21. Bf3 $14) 19. Nb3 (19. a4 bxa4 (19... b4 20. Nb5 Rfc8 21. Nxd6
Qxd6 22. Nc4 Qe6 23. f3 $16) 20. Nc4 Bb4 21. Nb6 Rab8 22. Bxa6 (22. Ncd5 Nxd5
23. Nxd5 Bxd5 24. exd5 a5 25. Qxa4 $14) (22. Nbxa4 a5 (22... Bb7 23. Nd5 Nxd5
24. exd5 Rfd8 25. Qe4 Nf4 $1 26. Bxf4 exf4 27. Qxf4) 23. Nd5 Bxd5 24. exd5 Nf4
$132) 22... Bxc3 23. Qxc3 Bxe4 24. Bc5 Qa7 25. Qa5 Qc7 $11) 19... Rac8 20. f3
Nf4 21. Bf1 Rfd8 22. Qf2 Ng6 (22... Bd7 $5 23. a4 Be6 24. Nc5 $1 b4 $5 (24...
Bxc5 25. Rxd8+ Qxd8 26. Bxc5 Nd7 27. Ba3 $16) 25. Nxe6 Qxe6 26. Ne2 b3 $132)
23. a4 $1 bxa4 (23... b4 $142 24. Nb1 Bb7 25. N1d2 Rc2 26. Rab1 Nf4 27. g3 Ne6
28. Bd3 Rcc8 29. Nc4 $14) 24. Nxa4 {[%cal Ga4c5]} Bb4 25. Nb6 $6 (25. Rxd8+ $1
Qxd8 (25... Rxd8 26. Bxa6 Ra8 27. Nb6 $16) 26. Nb6 Rb8 27. Rxa6 $16) 25... Rxd1
26. Rxd1 Rd8 $11 27. Rxd8+ Qxd8 28. Qc2 Bb7 29. Qd3 Qc7 30. Qc4 Qd6 31. Qd3 Qc7
32. Qc4 Qd6 33. Qd3 1/2-1/2

[Event "EU-ch 4th"]
[Site "Istanbul"]
[Date "2003.06.08"]
[Round "9"]
[White "Kharlov, Andrei"]
[Black "Graf, Alexander"]
[Result "1/2-1/2"]
[WhiteElo "2581"]
[BlackElo "2630"]
[PlyCount "33"]
[EventDate "2003.05.30"]
[EventType "swiss"]
[EventRounds "13"]
[EventCountry "TUR"]
[SourceTitle "CBM 096"]
[Source "ChessBase"]
[SourceDate "2003.09.25"]
[SourceVersion "1"]
[SourceVersionDate "2003.09.25"]
[SourceQuality "1"]

1. c4 Nf6 2. Nc3 c5 3. Nf3 e6 4. e3 d5 5. d4 Nc6 6. a3 Ne4 7. Qc2 Nxc3 8. Qxc3
cxd4 9. exd4 dxc4 10. Bxc4 Be7 11. O-O O-O 12. Rd1 Bd7 13. b4 Rc8 14. Qb3 Qc7
15. Bd3 Bf6 16. Be3 Ne7 17. Ne5 1/2-1/2

[Event "EU-ch 4th"]
[Site "Istanbul"]
[Date "2003.06.10"]
[Round "10"]
[White "Sulskis, Sarunas"]
[Black "Kharlov, Andrei"]
[Result "0-1"]
[WhiteElo "2578"]
[BlackElo "2581"]
[Annotator "Lukacs"]
[PlyCount "70"]
[EventDate "2003.05.30"]
[EventType "swiss"]
[EventRounds "13"]
[EventCountry "TUR"]
[SourceTitle "CBM 096"]
[Source "ChessBase"]
[SourceDate "2003.09.25"]
[SourceVersion "1"]
[SourceVersionDate "2003.09.25"]
[SourceQuality "1"]

1. e4 e5 2. Nf3 Nc6 3. Bc4 Bc5 4. b4 Bb6 {This is the solid way of handling
the Evans Gambit.} (4... Bxb4 {is the real theoretical question.}) 5. c3 Nf6 6.
d3 d6 7. a4 a6 8. O-O h6 (8... O-O 9. Re1 (9. h3 Be6 $11) (9. Nbd2 Ne7 {/\ Ng6}
10. Bb3 {/\ Nc4} (10. Re1 Ng4 $5 {with the standard Kh8 f5 idea.} (10... Ng6)
11. Re2 Kh8 {/\ f5} (11... d5 $6 {is not consistant here.} 12. exd5 Nxd5 13.
Ne4 Bf5 14. Qc2 c6 15. h3 Ngf6 16. Ng3 Be6 17. a5 Ba7 18. Rxe5 $16 {
Lazic-Lejlic, Kladovo 1990})) 10... Ng6 (10... c6 $5 11. d4 ({On} 11. Nc4 Bc7 {
is Black's main idea with 10...c6} 12. Bg5 (12. Re1 Ng6 13. Bb2 $6 {The B is
not well-posted here.} Re8 14. Ne3 d5 15. Qc2 Nf4 16. Rad1 Qe7 $36 {
Werner-Svidler, Oakham 1990}) 12... Ng6 13. Nh4 Nf4 $5 $13) 11... Bg4 (11...
Ng6 $5 {is the consistant continuation.}) 12. dxe5 {If White gives up the [+]
he cannot claim any advantage.} dxe5 13. h3 Bh5 14. g4 Bg6 15. Qe2 Qc7 16. Bc2
c5 17. Nc4 cxb4 18. cxb4 Nc6 19. Nxb6 Qxb6 20. Rb1 $11 {Spasov-Ziatdinov,
Niksic 1991}) 11. Nc4 Ba7 12. Be3 (12. Ra2 {is rather useless here.} h6 13. Re1
Re8 14. h3 Be6 $11 {Ljubojevic-Furman, Portoroz/Ljubljana, 1975}) (12. h3 h6
13. Re1 Bd7 14. Ra2 Re8 15. a5 Qe7 16. Ba4 {1/2:1/2 Nunn-Byrne, Baden 1980}) (
12. a5 {White has some space advantage on the <<, but this is not relevant.
The important is the [+] and the >>.} Re8 (12... h6) 13. Re1 h6 14. Ra2 Be6 15.
Rd2 Nf4 16. Ne3 {(Lutz-Leko, Cap d' Agde 1894 )} Bc8 $1 $13) 12... Be6 13. Bxa7
Rxa7 14. Re1 Ra8 15. Ra2 h6 16. Rd2 (16. Na5 Bxb3 17. Qxb3 Qc8 18. h3 Nf4 19.
Re3 N6h5 {and Black has some |^ on the >> balancing White's pressure on the <<,
Harding-Thorbergsson, North Atlantic Teams corr 1990-92.}) 16... Re8 {This is
the standard central strategy preparing for d5.} (16... Nh7 17. Ne3 Ng5 18.
Nxg5 Qxg5 19. Bxe6 fxe6 20. Qg4 Qf6 21. g3 $14 {Ljubojevic-Hjartarson, Linares
1989}) 17. Ne3 d5 $11) (9. a5 Ba7 10. Re1 (10. Bb3 Ne7 11. h3 Ng6 12. Re1 h6
$11 (12... c6 $1 13. Nbd2 (13. Bg5 h6) (13. d4 {is dubious because of} exd4 $1
14. cxd4 d5 15. e5 Ne4 {with a very good Open Ruy Lopez for Black.} 16. Bc2 Bf5
17. Ra3 f6 18. Nbd2 fxe5 19. Nxe4 Bxe4 20. Bxe4 dxe4 21. Rxe4 Qd5 22. Qe1 exd4
23. Bb2 Rf4 $19 {Palkovi-Karolyi, HUN-chT Zalaegerszeg 1998}) 13... d5 14. exd5
Nxd5 15. Ne4 (15. Nxe5 $2 Nxe5 16. Rxe5 Nxc3 $17) (15. Bxd5 Qxd5 $11) 15... Re8
$11 {and Black holds the [+].}) (12... h6 13. d4 Re8 (13... exd4 $5 14. cxd4 d5
15. e5 Ne4 16. Bc2 Bf5 $132) (13... Qe7 14. Bc2 Bd7 15. Be3 exd4 16. Bxd4 Rfe8
$11 {Yudasin-Granda Zuniga, Madrid 1992}) 14. Bc2 Bd7 {This plan with the
following moves is usually dubious.} 15. Be3 Qc8 16. Nbd2 Kh8 17. Kh2 $16 {
Sermek-S.Polgar, Ljubljana op 1994})) 10... h6 11. h3 Nh5 {/\ Qf6, Nf4
attacking >< h3 and g2.} 12. d4 Qf6 13. Be3 Nf4 14. Bf1 exd4 15. Nxd4 Ne5 {
Black has pressure on the dark squares.} 16. Kh2 c5 17. Nc2 Rd8 18. g3 Nxh3 $1
19. Bxh3 Nf3+ 20. Kg2 Bxh3+ 21. Kxh3 Qe6+ 22. Kg2 Nxe1+ 23. Nxe1 Qxe4+ 24. Qf3
Qxf3+ $11 {Timoshenko-Jaracz, MK Cafe Cup-A 1999}) (9. Bg5 Kh8 {/\ Nh7} 10.
Nbd2 Ne7 11. d4 (11. Bxf6 gxf6 {is not dangerous for Black, because he can
play f5 in time.}) 11... Ng6 12. dxe5 dxe5 13. Qb3 Qe7 14. Nh4 h6 15. Nxg6+
fxg6 16. Be3 Bxe3 17. fxe3 Rd8 18. Qc2 Be6 $11 {with doubled pawns on both
sides, Nun-Gretarsson, Pardubice Czeh op 1998.}) (9. Be3 Bxe3 10. fxe3 d5 {
This is the typical equalizing method in these types of position.} 11. exd5
Nxd5 12. Qd2 Be6 13. Na3 Qe7 14. e4 Nb6 15. Bxe6 Qxe6 16. Nc2 Rad8 17. Ne3 f6
18. a5 Nc8 19. Nd5 Qd7 20. Rad1 N6e7 $11 {eliminating the strong N,
Yermolinsky-Anand, Madrid Magistral 1998.}) 9... h6 (9... Ne7 10. a5 Ba7 11.
Bg5 {White wants to exploit the pin on the h4-d8 /^.} (11. Nbd2 {is similar to
the previous note.} Ng6 12. Nf1 h6 13. h3 Re8 14. Ng3 c6 15. d4 Be6 {1/2:1/2
Becerra Rivero-Arencibia, Mondariz op 1996}) 11... Ng6 12. Nh4) 10. h3 (10.
Nbd2 Kh8 {Black is playing for f5.} (10... Ne7 11. Bb3 c6 12. a5 Ba7 {- 9.Bb3
Ne7 10.a5 Ba7 11.h3 Ng6 12.Re1 c6}) 11. Nf1 Ng4 {This is the typical reaction
on Re1 if h3 hasn't been played.} 12. Ra2 f5 13. h3 fxe4 14. dxe4 Nf6 15. Ng3
Nh7 (15... Ne7 16. Nh4 Kh7 17. a5 Ba7 18. Be3 Bxe3 19. Rxe3 Qe8 {/\ Ng6} 20.
Rd2 Ng6 $13 {Nun-Arkhipov, NRW-Liga 1992}) 16. Be3 Bxe3 17. Rxe3 Ng5 $11 {
and Black has play on the dark squares, Armas-Zude, BL 1989.}) 10... Ne7 (10...
Kh8 11. Ra2 Nh7 12. Be3 Bxe3 13. fxe3 f5 14. Rf1 fxe4 15. dxe4 Bd7 16. Raf2 Qe7
$11 {Ambroz-Honfi, Reti mem Trnava 1982}) 11. a5 (11. d4 $6 exd4 12. a5 Ba7 13.
cxd4 (13. Nxd4 d5 14. exd5 Nexd5 $11) 13... d5 $1 $11 {Bacrot-Z.Almasi, Szeged
2000 CBM 78}) 11... Ba7 12. Nbd2 Ng6 13. Bb3 $11 {is similar to the 9.Nbd2
lines.}) 9. Be3 (9. Nbd2 O-O (9... g5 $6 {Black overestimates his position, ><
f5 will be weak without any real pressure on the >>.} 10. Ba2 Ba7 11. Nc4 Ne7
12. Be3 Be6 13. Bxa7 Rxa7 14. d4 $1 Nxe4 15. Qe1 d5 16. Ncxe5 O-O 17. Rc1 $14 {
Yudasin-Kosashvili, ISR-chT 1999}) 10. Bb3 (10. Ba2 Ne7) 10... Ne7 11. Nc4 Ba7
12. Be3 (12. Re1 Ng6 13. d4 {White is not strong enough to conquer the whole 
[+].} exd4 14. Nxd4 (14. cxd4 d5 $1) 14... Bg4 15. Qc2 Re8 16. f3 c5 $1 17. Ne2
d5 $15 {De la Paz-Delgado, CUB-ch Santa Clara 1999}) 12... Be6 13. Bxa7 Rxa7
14. Re1 Ng6 15. d4 Bxc4 16. Bxc4 Ra8 {White has a good B and a bit better
central P formation, but it is not easy to make a progress.} 17. Qc2 c6 18. Bf1
Qc7 19. a5 Rfe8 20. c4 Rad8 $11 {Glek-Yermolinsky, Wijk aan Zee 1997}) 9...
Bxe3 (9... Ba7 10. Nbd2) 10. fxe3 Be6 (10... O-O 11. Nbd2 (11. Bb3 d5 12. exd5
Nxd5 13. Qe2 Be6 14. Bc2 f5 $15 {and Black grabs the |^ on the >>,
Gyorkos-Krastanov, HUN-ch op Eger 1987.}) 11... d5 12. exd5 Nxd5 $13) 11. Nbd2
Bxc4 {This exchange was not necessary at all.} (11... O-O $142) 12. Nxc4 O-O
13. b5 $1 Ne7 14. Qb3 (14. Nh4 $5 {immediately was worth of trying.}) 14... b6
$11 15. Nh4 axb5 (15... Nd7) 16. axb5 Rxa1 17. Rxa1 g6 {and the N has to
retreat.} 18. Nf3 Kg7 19. h3 Re8 20. g4 $2 {It is not easy to advance in this
position and White choses the wrong flank.} (20. Ncd2 {/\ c4, d4 advancing on
the << and in the [+] was the better idea.} Neg8 (20... Nd7 21. d4 $14) 21. c4
Nd7 22. Qc3 Ngf6 $11) 20... Neg8 $1 {regrouping the knights.} 21. Ra7 (21. Rf1
d5 $1 22. Ncxe5 Qd6) 21... Nd7 (21... d5 22. Ncxe5 Qd6 $15 {looked also
promising.}) 22. Kg2 Ngf6 23. Ncd2 (23. Qc2 Nc5 $15 {/\ d5}) 23... Nc5 24. Qc4
d5 $1 {Black finally grabs the |^ in the [+].} 25. exd5 Nxd5 26. Kf2 Nf6 27. d4
e4 $1 28. dxc5 $2 {This loses outright, the opening of the position is fatal
for the white K.} (28. Ne1 {was the best defence.} Ne6 29. Ng2 (29. Qc6 Nf4 $1
$17) 29... Qb8 30. Ra2 Ng5 $15) 28... exf3 $19 29. Nxf3 Ne4+ 30. Ke2 bxc5 31.
b6 Qf6 $1 {Now the white K is in a big danger!} 32. Rxc7 Nxc3+ 33. Kd3 Nd1 $1
34. Qd5 Qc3+ 35. Ke2 Qc2+ 0-1

[Event "EU-ch 4th"]
[Site "Istanbul"]
[Date "2003.06.12"]
[Round "12"]
[White "Kharlov, Andrei"]
[Black "Ivanchuk, Vassily"]
[Result "1/2-1/2"]
[WhiteElo "2581"]
[BlackElo "2704"]
[PlyCount "34"]
[EventDate "2003.05.30"]
[EventType "swiss"]
[EventRounds "13"]
[EventCountry "TUR"]
[SourceTitle "CBM 096"]
[Source "ChessBase"]
[SourceDate "2003.09.25"]
[SourceVersion "1"]
[SourceVersionDate "2003.09.25"]
[SourceQuality "1"]

1. d4 Nf6 2. c4 g6 3. Nc3 Bg7 4. e4 d6 5. Nf3 O-O 6. Be2 e5 7. O-O Nc6 8. d5
Ne7 9. b4 a5 10. bxa5 c5 11. a4 Kh8 12. Ra3 Neg8 13. Nd2 Rxa5 14. Bb2 Qe7 15.
Nb5 Bd7 16. Qa1 Raa8 17. f4 exf4 1/2-1/2

[Event "EU-ch 4th"]
[Site "Istanbul"]
[Date "2003.06.13"]
[Round "13"]
[White "Moiseenko, Alexander"]
[Black "Kharlov, Andrei"]
[Result "1/2-1/2"]
[WhiteElo "2627"]
[BlackElo "2581"]
[PlyCount "27"]
[EventDate "2003.05.30"]
[EventType "swiss"]
[EventRounds "13"]
[EventCountry "TUR"]
[SourceTitle "CBM 096"]
[Source "ChessBase"]
[SourceDate "2003.09.25"]
[SourceVersion "1"]
[SourceVersionDate "2003.09.25"]
[SourceQuality "1"]

1. d4 d5 2. c4 e6 3. Nf3 Nf6 4. Nc3 Be7 5. Bg5 h6 6. Bh4 O-O 7. e3 c6 8. Bd3
dxc4 9. Bxc4 b5 10. Bd3 Bb7 11. O-O Nbd7 12. a3 a5 13. Qe2 b4 14. Na4 1/2-1/2

[Event "RUS-ch 56th"]
[Site "Krasnoyarsk"]
[Date "2003.09.03"]
[Round "1"]
[White "Rashkovsky, Nukhim"]
[Black "Kharlov, Andrei"]
[Result "1/2-1/2"]
[WhiteElo "2510"]
[BlackElo "2591"]
[PlyCount "28"]
[EventDate "2003.09.03"]
[EventType "swiss"]
[EventRounds "9"]
[EventCountry "RUS"]
[SourceTitle "CBM 098"]
[Source "ChessBase"]
[SourceDate "2004.02.03"]
[SourceVersion "1"]
[SourceVersionDate "2004.02.03"]
[SourceQuality "1"]

1. e4 c5 2. Nf3 Nc6 3. Bb5 d6 4. O-O Bd7 5. Re1 Nf6 6. c3 a6 7. Bf1 Bg4 8. h3
Bxf3 9. Qxf3 g6 10. Qd1 Bh6 11. d3 Bxc1 12. Qxc1 O-O 13. Nd2 e5 14. Nf3 Kg7
1/2-1/2

[Event "RUS-ch 56th"]
[Site "Krasnoyarsk"]
[Date "2003.09.06"]
[Round "4"]
[White "Lependin, Anatolij"]
[Black "Kharlov, Andrei"]
[Result "0-1"]
[WhiteElo "2393"]
[BlackElo "2591"]
[PlyCount "110"]
[EventDate "2003.09.03"]
[EventType "swiss"]
[EventRounds "9"]
[EventCountry "RUS"]
[SourceTitle "CBM 098"]
[Source "ChessBase"]
[SourceDate "2004.02.03"]
[SourceVersion "1"]
[SourceVersionDate "2004.02.03"]
[SourceQuality "1"]

1. d4 d5 2. Nf3 Nf6 3. c4 e6 4. e3 c5 5. Nc3 a6 6. cxd5 exd5 7. Be2 Nc6 8. O-O
Bd6 9. dxc5 Bxc5 10. Nd4 O-O 11. Bf3 Ne5 12. h3 Qd6 13. Nb3 Nxf3+ 14. Qxf3 Bb6
15. Rd1 Bc7 16. Qf4 Qe7 17. Qf3 Be6 18. Nd4 Rad8 19. Nf5 Qd7 20. Nxg7 Kxg7 21.
e4 Ng8 22. Nxd5 Bxd5 23. Rxd5 Qe7 24. Rh5 f6 25. Bf4 Bxf4 26. Qxf4 Qf7 27. g4
Kh8 28. Rc1 Rd7 29. Rhc5 Ne7 30. e5 Nc6 31. exf6 Nd4 32. Qe3 Qxf6 33. Rc8 Rdf7
34. Rxf8+ Rxf8 35. Kg2 Qd6 36. Re1 Qc6+ 37. Qe4 Nf3 38. Re2 Qc1 39. Qxf3 Rxf3
40. Kxf3 Qd1 41. a3 Kg7 42. Ke3 Kf6 43. h4 Qb3+ 44. Kf4 Qd3 45. g5+ Kf7 46. Re3
Qd4+ 47. Kg3 Qxb2 48. h5 Qc1 49. Rf3+ Kg7 50. Kg4 Qc8+ 51. Kg3 b5 52. Rf6 Qc3+
53. Rf3 Qc1 54. Kg4 Qd1 55. Kg3 a5 0-1

[Event "RUS-ch 56th"]
[Site "Krasnoyarsk"]
[Date "2003.09.08"]
[Round "5"]
[White "Kharlov, Andrei"]
[Black "Yakovich, Yuri"]
[Result "1/2-1/2"]
[WhiteElo "2591"]
[BlackElo "2573"]
[PlyCount "26"]
[EventDate "2003.09.03"]
[EventType "swiss"]
[EventRounds "9"]
[EventCountry "RUS"]
[SourceTitle "CBM 098"]
[Source "ChessBase"]
[SourceDate "2004.02.03"]
[SourceVersion "1"]
[SourceVersionDate "2004.02.03"]
[SourceQuality "1"]

1. d4 d5 2. c4 dxc4 3. Nf3 a6 4. e3 e6 5. Bxc4 c5 6. O-O Nf6 7. Bb3 b5 8. a4 b4
9. Nbd2 Be7 10. dxc5 O-O 11. e4 Nfd7 12. e5 Nxc5 13. Bc2 Bb7 1/2-1/2

[Event "RUS-ch 56th"]
[Site "Krasnoyarsk"]
[Date "2003.09.09"]
[Round "6"]
[White "Zvjaginsev, Vadim"]
[Black "Kharlov, Andrei"]
[Result "1/2-1/2"]
[WhiteElo "2653"]
[BlackElo "2591"]
[PlyCount "41"]
[EventDate "2003.09.03"]
[EventType "swiss"]
[EventRounds "9"]
[EventCountry "RUS"]
[SourceTitle "CBM 098"]
[Source "ChessBase"]
[SourceDate "2004.02.03"]
[SourceVersion "1"]
[SourceVersionDate "2004.02.03"]
[SourceQuality "1"]

1. c4 e5 2. Nc3 Nf6 3. Nf3 Nc6 4. g3 d5 5. cxd5 Nxd5 6. Bg2 Nb6 7. O-O Be7 8.
Rb1 a5 9. d3 Be6 10. Be3 Nd5 11. Nxd5 Bxd5 12. Qa4 O-O 13. a3 f6 14. Rbc1 Rf7
15. Qb5 Rb8 16. Rc2 Bf8 17. Rfc1 Rd7 18. Bh3 Rf7 19. Bg2 Rd7 20. Bh3 Rf7 21.
Bg2 1/2-1/2

[Event "RUS-ch 56th"]
[Site "Krasnoyarsk"]
[Date "2003.09.10"]
[Round "7"]
[White "Kharlov, Andrei"]
[Black "Khalifman, Alexander"]
[Result "1/2-1/2"]
[WhiteElo "2591"]
[BlackElo "2678"]
[Annotator "Hecht"]
[PlyCount "111"]
[EventDate "2003.09.03"]
[EventType "swiss"]
[EventRounds "9"]
[EventCountry "RUS"]
[SourceTitle "CBM 098"]
[Source "ChessBase"]
[SourceDate "2004.02.03"]
[SourceVersion "1"]
[SourceVersionDate "2004.02.03"]
[SourceQuality "1"]

1. e4 e5 2. Nf3 Nc6 3. Bb5 a6 4. Ba4 Nf6 5. Bxc6 dxc6 6. d3 Nd7 7. Nbd2 Bd6 8.
Nc4 O-O 9. O-O Re8 10. Re1 c5 11. h3 Nf8 12. Bd2 Ng6 13. a3 b5 14. Na5 f6 15.
Be3 f5 16. exf5 Bxf5 17. Ng5 Qe7 18. Nb7 Rf8 19. Ne4 c4 20. Ng3 Bc8 21. Na5
cxd3 22. Qxd3 Qf7 23. Ne4 Be7 24. Nc6 Bh4 25. a4 Be6 26. axb5 Bc4 27. Qc3 Bd5
28. Ng3 axb5 29. Rxa8 Rxa8 30. Nxe5 Nxe5 31. Qxe5 Re8 32. Qd4 Bxg3 33. fxg3 Qf5
34. g4 Qe4 35. Qxe4 Bxe4 36. Bf4 Bc6 37. Rxe8+ Bxe8 38. Bxc7 {[#] Beispiel für
die immense Remisbreite bei ungleichfarbigen Läufers trotz zweier weißer
Mehrbauern, die aufgrund der ungünstigen weißen Bauernstruktur gehemmt oder
blockiert werden.} Bg6 39. c3 Be4 40. Kf2 Kf7 41. g3 Ke6 42. Ke3 Bg2 43. h4 Bh3
44. Kf4 Bf1 45. Ke3 Kd5 46. h5 Bc4 47. Bb6 Bb3 48. Bd4 g6 49. Kf4 {In der
Folge operiert der schwarze Läufer auf der Diagonalen b1-h7 mit indirekter
Deckung des Bh7. Der schwarze König macht längs der Diagonalen a2-g8 alle
Bewegungen des weißen Königs mit.} Bc2 50. Kg5 Ke6 51. Kh6 Kf7 52. Be3 Kg8 53.
Bd2 Kf7 54. b3 Bxb3 55. Kxh7 Bc2 56. Kh6 (56. Kh6 Kg8 {und Schwarz schaut
ebenso genüsslich der Entstehung eines Tripelbauern nach hxg6 zu wie der
Installierung eines wertlosen Freibauern nach Kg5 und h6.}) 1/2-1/2

[Event "RUS-ch 56th"]
[Site "Krasnoyarsk"]
[Date "2003.09.12"]
[Round "9"]
[White "Kharlov, Andrei"]
[Black "Sorokin, Maxim"]
[Result "1/2-1/2"]
[WhiteElo "2591"]
[BlackElo "2560"]
[PlyCount "25"]
[EventDate "2003.09.03"]
[EventType "swiss"]
[EventRounds "9"]
[EventCountry "RUS"]
[SourceTitle "CBM 098"]
[Source "ChessBase"]
[SourceDate "2004.02.03"]
[SourceVersion "1"]
[SourceVersionDate "2004.02.03"]
[SourceQuality "1"]

1. e4 e5 2. Nf3 Nc6 3. Bb5 a6 4. Ba4 Nf6 5. O-O Be7 6. Re1 b5 7. Bb3 O-O 8. d3
d6 9. c3 Na5 10. Bc2 c5 11. Nbd2 Re8 12. Nf1 Nc6 13. c4 1/2-1/2

[Event "EU-Cup 19th"]
[Site "Rethymnon"]
[Date "2003.09.28"]
[Round "1.4"]
[White "Huesmann, Thomas"]
[Black "Kharlov, Andrei"]
[Result "0-1"]
[WhiteElo "2282"]
[BlackElo "2591"]
[PlyCount "114"]
[EventDate "2003.09.28"]
[EventType "team-swiss"]
[EventRounds "7"]
[EventCountry "GRE"]
[SourceTitle "CBM 098"]
[Source "ChessBase"]
[SourceDate "2004.02.03"]
[SourceVersion "1"]
[SourceVersionDate "2004.02.03"]
[SourceQuality "1"]
[WhiteTeam "Eupen Rochade"]
[BlackTeam "Kazan Ladya"]
[WhiteTeamCountry "BEL"]
[BlackTeamCountry "RUS"]

1. e4 c5 2. Nc3 Nc6 3. f4 e6 4. Nf3 d5 5. Bb5 Nge7 6. exd5 exd5 7. Ne5 Bd7 8.
Nxd7 Qxd7 9. Qf3 a6 10. Bxc6 Qxc6 11. O-O O-O-O 12. f5 g6 13. fxg6 hxg6 14.
Qxf7 Nf5 15. d3 Bd6 16. g3 Bxg3 17. hxg3 Rd7 18. Rxf5 Rxf7 19. Rxf7 Qe6 20. Rf1
Qh3 21. Kf2 Qh2+ 22. Kf3 Qxc2 23. Nxd5 Rf8+ 24. Nf4 g5 25. Be3 gxf4 26. gxf4
Qxd3 27. Rad1 Qf5 28. Kf2 Re8 29. Rg1 Qf6 30. Rg5 b6 31. Rd2 Qh6 32. Re2 Qh4+
33. Kf3 Qh1+ 34. Kf2 a5 35. Rg2 Kb7 36. a3 Ka6 37. Rg1 Qh4+ 38. Kf1 Kb5 39.
Rgg2 Qh3 40. Kf2 Ka4 41. Rg3 Qh4 42. Re1 Rg8 43. Reg1 Kb3 44. Bxc5+ Kxb2 45.
Bd4+ Kc2 46. Kf3 Qh5+ 47. Kf2 Rd8 48. Be3 Rd3 49. R1g2 b5 50. Rg5 Qe8 51. Re5
Qd7 52. Rgg5 b4 53. Rxa5 b3 54. Rac5+ Kb1 55. Rg1+ Ka2 56. Rcc1 b2 57. Rc2 Rxe3
0-1